| 000 | 00537nam a22001937a 4500 | ||
|---|---|---|---|
| 003 | OSt | ||
| 005 | 20240604202122.0 | ||
| 008 | 240604b |||||||| |||| 00| 0 eng d | ||
| 020 | _a0198532091 | ||
| 040 | _cDDC | ||
| 082 | _a530.11 GRI 1991. | ||
| 100 | _4Griffiths J.B. | ||
| 245 | _aColliding Plane Waves in General Relativity. | ||
| 260 |
_aNY, _bOxford Science Publications, _c1991. |
||
| 300 |
_axiv;232p, _bill, _c23.9cm. |
||
| 504 | _aAppendix,References,Index. | ||
| 650 |
_aMathematical Physics. _9372 |
||
| 942 |
_2ddc _cO_SHELF |
||
| 999 |
_c8352 _d8352 |
||